000
00336nam a22001697a 4500
003
SGT
020
_a
9788131262436
082
_a
611
_b
G20S
100
_a
Singh, Vishram
245
_a
General Anatomy
250
_a
3rd
260
_b
Elsevier
_c
2020
300
_a
248
650
_a
Anatomy
653
_a
Anatomy
942
_2
ddc
_c
BK
_0
2
999
_c
22840
_d
22840